000 00730nam a2200229Ii 4500
003 JO-AjNU
008 230605s9999||||xx |||||||||||||| ||und||
017 _a2006/4/914
020 _a9957-09-236-7
040 _aJO-AjNU
_bara
_erda
_cJO-AjNU
041 _aara
050 1 4 _aPJ7866.D9.Z77 2006
100 3 _aالمشايخ،محمد,
_eauthor
_924257
245 0 0 _aصهيل الجياد: دراسة شعر أمينة العدوان
250 _aط1
264 3 1 _aعمان: أزمنة للنشر والتوزيع، 2006
300 _a266ص
336 _atext
_btxt
_2rdacontent
337 _aunmediated
_bn
_2rdamedia
338 _avolume
_bnc
_2rdacarrier
650 4 _aالشعر العربي - نقد وتحليل
_924258
999 _aA8904
_c12472
_d12472